| 000 | 00628nam a2200217 a 4500 | ||
|---|---|---|---|
| 001 | BRCA_7987 | ||
| 005 | 20190320210101.0 | ||
| 008 | 130314s--------mx-a###f##---#000-0#spa-# | ||
| 041 | _aspa | ||
| 044 | _amx | ||
| 050 | 4 |
_aF1386 _b.C581 |
|
| 245 | 1 | 0 |
_aLa Ciudad de México en los albores de la Independencia _cBanco de México. |
| 260 |
_aMéxico _c[1972] |
||
| 300 |
_a1 v. (sin paginación) _bil. _c22 cm. |
||
| 500 | _a3022 | ||
| 650 | 1 | 4 |
_aPinturas y grabados _vCiudad de México _919815 |
| 650 | 1 | 4 |
_aIndependencia _vArtistas _zMéxico _919816 |
| 710 | 2 |
_aBanco de México, S.A. _919817 |
|
| 902 | _aGFM | ||
| 942 |
_2lcc _cB |
||
| 999 |
_c7656 _d7656 |
||